000 00918cab a2200265 4500
001 WB3208-44
008 090401t1996 xxu||||| |||| 00| 0 eng d
035 _a(Sirsi) u34609
041 _aeng
245 _aRural regeneration funding
260 _c1996
350 _a0
490 _aRural Development Commission News Release
_v13 February 1996
490 _aDoE News Release
_v(76) 16 February 1996, (4)
520 _aAnnounces £14m to assist rural projects in designated RDAs. In addition the Rural Challenge competition (third round) offers six prizes of up to £1m to new partnerships which tackle rural problems.
650 _aPARTNERSHIPS
650 _aRURAL CHALLENGE
650 _aRURAL DEVELOPMENT AREAS
650 _aRURAL DEVELOPMENT COMMISSION
650 _aRURAL DEVELOPMENT PROGRAMMES
650 _aRURAL REGENERATION
690 _aRURAL PRACTICE
942 _n0
948 _c04/03/1997
999 _c22895
_d22895